000
00271nam a22001097a 4500
082
_a
621.3 HIN'G
100
_a
HINDE, D. W,SMITH, K. M
_9
79303
245
_a
GRADED PROBLEMS FOR ELECTRICAL ENGINEERS
260
_a
LONDON
_b
TEMPLE
_c
1965
300
_a
275P
942
_c
BK
_2
ddc
999
_c
584352
_d
584352